000 00277nam a2200121Ia 4500
008 190216s9999||||xx |||||||||||||| ||und||
100 _aAntony
245 0 _aMannu
260 _bSahithya Pravarthaka Sahakarana Sangam
_c1980
300 _a81p
650 _aNadakam
942 _cBK
999 _c26134
_d26134